| Record ID | ia:springbamboocoll00jean |
| Source | Internet Archive |
| Download MARC XML | https://archive.org/download/springbamboocoll00jean/springbamboocoll00jean_marc.xml |
| Download MARC binary | https://www.archive.org/download/springbamboocoll00jean/springbamboocoll00jean_meta.mrc |
LEADER: 01774nam a22004331a 4500
001 001956339
003 MiU
005 19970709000000.0
006 m d
007 cr bn ---auaua
008 900611s1989 nyu 00001 eng
010 $a88042672
020 $a0394565827 :$c$18.95
035 $a(RLIN)MIUG90-B31338
035 $a(OCoLC)ocm18415560
035 $asdr-nrlf-ucscb168095221
041 1 $aengchi
050 0 $aPL2658.E8$bS67 1989
082 0 $a895.1/301/08$219
245 00 $aSpring bamboo :$ba collection of contemporary Chinese short stories /$ccompiled and translated ny Jeanne Tai ; with a foreword by Bette Bao Lord ; and an introduction by Leo Ou-fan Lee.
250 $a1st ed.
260 $aNew York :$bRandom House,$cc1989.
300 $axvii, 284 p. ;$c25 cm.
505 0 $aClock / Zheng Wanlong -- The homecoming / Han Shaogong -- Lao Kang came back / Wang Anyi -- Looking for fun / Chen Jiangong -- Grandma Qi / Li Tuo -- Souls tied to the knots on a leather cord / Zhaxi Dawa -- Like a banjo string / Shi Tiesheng -- Dry river / Mo Yan -- The tree stump / A. Cheng -- The nine palaces / Zhang Chengzhi.
538 $aMode of access: Internet.
650 0 $aShort stories, Chinese$xTranslations into English
650 0 $aChinese fiction$y20th century$xTranslations into English
700 1 $aTai, Jeanne.
852 $auc1$bSDR$cNRLF
852 0 $aMiU$bBUHR$cGRAD$hPL 2658 .E8 S76 1989$xtr.fr. ugl 10-12-95
970 $aBK$bBook
971 $aMiU
972 $c20040625
973 $aHT$bavail_ht
973 $aAC$bavail_circ
974 $a39015017893473$bBUHR$cGRAD$f01
974 $uuc1.b4396654$ric$d20110315$aUC1.B4396654$bSDR$cNRLF$f08$sEO
998 $cAUT$s9110
999 $aMDP$b20$c20110315$lMIU01$h0000